| 000 | 01271nam a2200313Ia 4500 | ||
|---|---|---|---|
| 003 | OSt | ||
| 005 | 20210205151424.0 | ||
| 008 | 191128t1988 sp fr 000 0 spa d | ||
| 020 | _a847530463X | ||
| 040 |
_aCO-JMCR _cCO-JMCR |
||
| 041 | 1 |
_aspa _heng |
|
| 082 | 0 | 4 |
_a330.04 / _bM737f _223 |
| 100 | 1 |
_aMishan, E.J., _eautor _95707 |
|
| 245 | 1 | 0 |
_aFalacias económicas populares / _cE.J. Mishan ; introducción Kurt Klappholz ; traducción de Leopoldo Pérez Pita |
| 260 |
_aBarcelona : _bOrbis, _c©1988 |
||
| 300 |
_a234 páginas ; _c20 cm. |
||
| 490 | 0 |
_aBiblioteca de economía ; _v17 |
|
| 500 | _aIncluye notas a pie de página. | ||
| 505 | 0 | _aFalacias sobre los impuestos y los controles -- Falacias sobre la empresa -- Falacias sobre comercio internacional -- Falacias sobre los movimientos migratorios -- Falacias sobre el crecimiento económico | |
| 534 | _pTwenty-one popular economic fallacies | ||
| 546 | _aTraducido del inglés | ||
| 650 | 1 | 4 |
_aDesarrollo económico _ximpuesto al consumo _95708 |
| 650 | 1 | 4 |
_aMigraciones _93789 |
| 650 | 1 | 4 |
_aComercio internacional _94034 |
| 650 | 2 | 4 |
_aEmpresas y empresarios _95709 |
| 700 | 1 |
_aKlappholz, Kurt, _eintroducción _95710 |
|
| 700 | 1 |
_aPeréz Pita, Leopoldo, _etraductor _95711 |
|
| 942 |
_2ddc _cBK |
||
| 999 |
_c5372 _d5372 |
||